000 01345cam a22003014a 4500
999 _c22753
_d22753
001 13897084
003 OSt
005 20170124154538.0
008 050311s2005 kyua 001 0beng
010 _a 2005006834
020 _a0813123550 (hardcover : alk. paper)
040 _aDLC
_cDLC
_dDLC
042 _apcc
043 _an-us---
050 0 0 _aNC1766.U52
_bF5834 2005
082 0 0 _a791.43/34/092
_aB
_222
100 1 _aFleischer, Richard.
245 1 0 _aOut of the inkwell :
_bMax Fleischer and the animation revolution /
_cRichard Fleischer ; with a foreword by Leonard Maltin.
246 3 0 _aMax Fleischer and the animation revolution
260 _aLexington :
_bUniversity Press of Kentucky,
_c2005.
300 _axii, 184 p., [16] p. of plates :
_bill. ;
_c23 cm.
504 _aIncludes index.
600 1 0 _aFleischer, Max,
_d1883-1972.
650 0 _aAnimators
_zUnited States
_vBiography.
856 4 1 _3Table of contents
_uhttp://www.loc.gov/catdir/toc/ecip059/2005006834.html
906 _a7
_bcbc
_corignew
_d1
_eecip
_f20
_gy-gencatlg
942 _2lcc
_cBOOKS
_hNC 1766 .U52 F5834 2005